000 00280nam a22001337a 4500
008 180212b xxu||||| |||| 00| 0 eng d
020 _a039103182
041 _aeng
080 _a32
100 _a22
101 _apol
245 _aindia s demography
_ctim.d
942 _2udc
_cBK
999 _c42288
_d42288